Kannada gathasaptashati bhaga 1 (Record no. 141406)

MARC details
000 -LEADER
fixed length control field 00702nam a2200229Ia 4500
003 - CONTROL NUMBER IDENTIFIER
control field OSt
005 - DATE AND TIME OF LATEST TRANSACTION
control field 20251119163035.0
008 - FIXED-LENGTH DATA ELEMENTS--GENERAL INFORMATION
fixed length control field 210210b1958 xxu||||| |||| 00| 0 eng d
040 ## - CATALOGING SOURCE
Transcribing agency AL
041 ## - LANGUAGE CODE
Language code of text/sound track or separate title Kannada
082 ## - DEWEY DECIMAL CLASSIFICATION NUMBER
Classification number 851/264
100 ## - MAIN ENTRY--PERSONAL NAME
Personal name PARAMESHVARA BHATTA (S V)
Dates associated with a name ಪರಮೇಶ್ವರ ಭಟ್ಟ (ಎಸ್ ವಿ)
9 (RLIN) 246406
245 ## - TITLE STATEMENT
Title Kannada gathasaptashati bhaga 1
Remainder of title ಕನ್ನಡ ಗಾಥಾಸಪ್ತಶತಿ ಭಾಗ 1
260 ## - PUBLICATION, DISTRIBUTION, ETC.
Place of publication, distribution, etc. Maisuru
Name of publisher, distributor, etc. Sharada Mandira
Date of publication, distribution, etc. 1958
650 ## - SUBJECT ADDED ENTRY--TOPICAL TERM
Topical term or geographic name entry element Kannada
9 (RLIN) 246407
650 ## - SUBJECT ADDED ENTRY--TOPICAL TERM
Topical term or geographic name entry element gathasaptashati
9 (RLIN) 246408
650 ## - SUBJECT ADDED ENTRY--TOPICAL TERM
Topical term or geographic name entry element bhaga
9 (RLIN) 246409
650 ## - SUBJECT ADDED ENTRY--TOPICAL TERM
Topical term or geographic name entry element 1
9 (RLIN) 246410
690 ## - LOCAL SUBJECT ADDED ENTRY--TOPICAL TERM (OCLC, RLIN)
Topical term or geographic name as entry element Kannada Poetry
9 (RLIN) 246411
906 ## - LOCAL DATA ELEMENT F, LDF (RLIN)
a 018282
942 ## - ADDED ENTRY ELEMENTS (KOHA)
Source of classification or shelving scheme Dewey Decimal Classification
Koha item type Book
Holdings
Withdrawn status Lost status Source of classification or shelving scheme Damaged status Not for loan Collection code Home library Current library Shelving location Date acquired Cost, normal purchase price Total Checkouts Full call number Barcode Date last seen Price effective from Koha item type
    Dewey Decimal Classification     Kannada St Aloysius Library St Aloysius Library   02/17/2021 0.00   851/264 018282 02/17/2021 02/17/2021 Book